000 00659nam a2200289Ia 4500
005 20260324144325.0
008 008 260324s9999 xx 000 0 eng d
020 _a9781351075640
037 _aEBOOK
040 _aCRL
040 _beng
040 _cCRL
041 _2eng
041 _aeng
084 _qCRL
100 _aM. Bazin
_91218899
245 0 _aPhysiological Models in Microbiology
245 0 _bVolume II
260 _bTaylor and Francis
260 _c1988
365 _a
365 _b300
856 _uhttp://www.taylorfrancis.com/books/9781351075640
942 _cEBOOK
999 _c1825384
_d1825384